Uskutočňovanie výchovy k socialistickému vlastenectvu a proletárskemu internacionalizmu v predmete "Ekonomika obchodu a technika predaja" záverečná práca
Na minha lista:
| Autor principal: | |
|---|---|
| Autor Corporativo: | |
| Outros Autores: | |
| Formato: | Livro |
| Idioma: | eslovaco |
| Publicado em: |
Bratislava
1987
|
| Tags: |
Sem tags, seja o primeiro a adicionar uma tag!
|
MARC
| LEADER | 00000nam a2200000 4500 | ||
|---|---|---|---|
| 001 | c032366 | ||
| 005 | 20260108080344.6 | ||
| 041 | 0 | |a slo | |
| 044 | |a SK | ||
| 245 | 1 | 0 | |a Uskutočňovanie výchovy k socialistickému vlastenectvu a proletárskemu internacionalizmu v predmete "Ekonomika obchodu a technika predaja" |b záverečná práca |c Jana Čurrilová ; Ved. práce Ján Kontšek |
| 264 | 1 | |a Bratislava |c 1987 | |
| 300 | |a 45 s. | ||
| 100 | 1 | |a Čurrilová, Jana | |
| 700 | 1 | |a Kontšek, Ján | |
| 710 | 2 | |a Vysoká škola ekonomická v Bratislave. Národohospodárska fakulta | |